| 000 | 00656nam a2200217Ia 4500 | ||
|---|---|---|---|
| 003 | OSt | ||
| 005 | 20240415162227.0 | ||
| 008 | 210210b1999 xxu||||| |||| 00| 0 eng d | ||
| 040 | _cAL | ||
| 041 | _aKannada | ||
| 082 | _aK894.3 KUBA | ||
| 100 |
_aKUBIN (Alfred) _dಕೂಬಿನ್ ಆಲ್ಫ್ರೆಡ್ _9160381 |
||
| 245 |
_aAche badi. _bಆಚೆ ಬದಿ |
||
| 260 |
_aBengaluru _bKarnataka Buk Ejansi _c1999 |
||
| 300 | _aiv,267 | ||
| 650 |
_aTirumalesh Ke Vi _9160382 |
||
| 690 |
_aKannada Fiction _9160383 |
||
| 700 |
_aTirumalesh (K V) _dತಿರುಮಲೇಶ್ (ಕೆ ವಿ)Tr _9160384 |
||
| 906 | _a054851 | ||
| 942 |
_2ddc _cBK |
||
| 999 |
_c102820 _d102820 |
||